000 01117nam a2200337 i 4500
001 000026424
003 DO-SdBNP
005 20251107110523.0
007 ta
008 110317s1994 dr 000 0 spa d
040 _aDO-SdBNP
_bspa
_cBNPHU
_erda
082 4 _a028.9
_bH519i 1994
_222
100 _aHenríquez Ureña, Camila ,
_92536
_d1894-1973
_eautora
245 1 0 _aInvitación a la lectura :
_bnotas sobre la apreciación literaria /
_cCamila Henríquez Ureña.
250 _a2a ed.
264 _aSanto Domingo :
_bTaller,
_c1994.
300 _a211 páginas ;
_c19 cm.
336 _2rdacontent
_atexto
_btxt
337 _2rdamedia
_asin mediación
_bn
338 _2rdacarrier
_avolumen
_bnc
490 _aBiblioteca taller
_v189
500 _aIncluye datos biográficos de la autora en la contracubierta
590 _aInventariado,2018/DG
650 4 _aPromoción a la lectura
_953468
650 4 _aComprensión de lectura
_97322
650 4 _aFormas literarias
_97323
650 0 _aLibros y lectura
_91512
650 4 _aLectura
_9408
910 _aValidado. Control de calidad MFF
942 _2ddc
_cLBS1
999 _c25916
_d25916